The myth of progress : toward a sustainable future /

Bibliographic Details
Main Author: Wessels, Tom, 1951-
Format: eBook
Language:English
Published: Burlington, Vt. : Hanover : University of Vermont Press ; University Press of New England, [2006]
Subjects:
Online Access:Connect to the full text of this electronic book

MARC

Tag First Indicator Second Indicator Subfields
LEADER 00000cam a22000004a 4500
001 in00003394708
005 20190405195029.0
006 m d
007 cr |||||||nn|n
008 060523s2006 vtu o d eng d
010 |z  2006016895 
020 |a 9781584659716 
020 |a 1584659718 
020 |z 1584654953 
020 |z 9781584654957 
035 |a (MdBmJHUP)muse9781584659716 
040 |a MdBmJHUP  |c MdBmJHUP  |d UtOrBLW 
050 0 0 |a QH541  |b .W42 2006 
082 0 0 |a 577  |2 22 
100 1 |a Wessels, Tom,  |d 1951- 
245 1 4 |a The myth of progress :  |b toward a sustainable future /  |c Tom Wessels. 
264 1 |a Burlington, Vt. :  |b University of Vermont Press ;  |a Hanover :  |b University Press of New England,  |c [2006] 
264 4 |c ©2006 
300 |a 1 online resource (xxvi, 131 pages ) 
336 |a text  |b txt  |2 rdacontent 
337 |a computer  |b c  |2 rdamedia 
338 |a online resource  |b cr  |2 rdacarrier 
504 |a Includes bibliographical references and index. 
588 |a Description based on print version record. 
500 |a Electronic resource. 
650 0 |a Sustainable development. 
650 0 |a Environmental policy. 
650 0 |a Ecology. 
655 7 |a Electronic books.  |2 local 
856 4 0 |u http://proxy.library.tamu.edu/login?url=http://muse.jhu.edu/books/9781584659716/  |z Connect to the full text of this electronic book  |t 0 
999 |a MARS 
999 f f |s 04c61a83-64f7-34a9-8950-f72a10787397  |i effc3797-9d0d-312d-b13b-bf4afd3471e2  |t 0 
952 f f |a Texas A&M University  |b College Station  |c Electronic Resources  |d Available Online  |t 0  |e QH541 .W42 2006  |h Library of Congress classification 
998 f f |a QH541 .W42 2006  |t 0  |l Available Online